000
00296nam a2200133Ia 4500
008
221030s9999 xx 000 0 und d
041
_a
English
082
_a
105.23
100
_a
A A Atkinson
245
0
_a
Manangement Accounting
_c
by A A Atkinson
260
_c
0
650
_a
Mc
942
_c
BK
999
_c
11663
_d
11663